000 00679nam a2200241Ia 4500
003 OSt
005 20220918192613.0
006 a|||||r|||| 00| 0
007 ta
008 220917b |||||||| |||| 00| 0 eng d
024 _a69,256
037 _cTextual
040 _aARTS
_cARTS
_beng
041 _2eng
_aeng
082 _aQ4wL84, M4
100 _aMukerjee Hirendra Nath
_979573
245 0 _aGreat Tibetologist Alexander Csoma De koros
_b Hermit-hero from Hungary
260 _aNew Delhi
_bSterling Pub
_c1984
300 _aviii+102p
_ccm.
650 _aRELIGION
942 _hQ4wL84, M4
_cTEXL
_2CC
999 _c195419
_d195419